[Event "Omsk-ch"]
[Site "Omsk"]
[Date "2012.03.19"]
[Round "4"]
[White "Skokov, Boris"]
[Black "Tregubov, Nikolai"]
[Result "0-1"]
[WhiteElo "2026"]
[BlackElo "2078"]
[PlyCount "28"]
[EventDate "2012.03.15"]
[EventType "swiss"]
[EventRounds "9"]
[EventCountry "RUS"]
[SourceTitle "EXT 2013"]
[Source "ChessBase"]
[SourceDate "2012.11.22"]
[SourceVersion "1"]
[SourceVersionDate "2012.11.22"]
[SourceQuality "1"]

1. e4 c5 2. Nf3 Nc6 3. d4 cxd4 4. Nxd4 e5 5. Nf3 Nf6 6. Bc4 Bb4+ 7. c3 Be7 8. Ng5 0-0 9. b4 h6 10. b5 Qc7 11. bxc6 hxg5 12. cxd7 Nxd7 13. 0-0 b6 14. Ba3 Bc5 0-1

[Event "Omsk op"]
[Site "Omsk"]
[Date "2012.02.11"]
[Round "9"]
[White "Tregubov, Nikolai"]
[Black "Nevorotov, Boris"]
[Result "1-0"]
[WhiteElo "2078"]
[BlackElo "1949"]
[PlyCount "29"]
[EventDate "2012.01.29"]
[EventType "swiss"]
[EventRounds "9"]
[EventCountry "RUS"]
[SourceTitle "EXT 2022"]
[Source "ChessBase"]
[SourceDate "2021.10.06"]
[SourceVersion "1"]
[SourceVersionDate "2021.10.06"]
[SourceQuality "1"]

1. d4 d6 2. e4 Nf6 3. Nc3 g6 4. Nf3 Bg7 5. Bf4 h6 6. Bc4 0-0 7. e5 Ne8 8. Qd2 Kh7 9. h4 h5 10. Ng5+ Kg8 11. e6 Nf6 12. Nxf7 Qe8 13. Bh6 Bh8 14. Qg5 Kh7 15. Bd3 1-0

[Event "Omsk op"]
[Site "Omsk"]
[Date "2012.02.07"]
[Round "6"]
[White "Tregubov, Nikolai"]
[Black "Pozdniakov, Vladimir"]
[Result "1/2-1/2"]
[WhiteElo "2078"]
[BlackElo "2127"]
[PlyCount "28"]
[EventDate "2012.01.29"]
[EventType "swiss"]
[EventRounds "9"]
[EventCountry "RUS"]
[SourceTitle "EXT 2022"]
[Source "ChessBase"]
[SourceDate "2021.10.06"]
[SourceVersion "1"]
[SourceVersionDate "2021.10.06"]
[SourceQuality "1"]

1. d4 Nf6 2. c4 d6 3. Nc3 Nbd7 4. g3 c6 5. Bg2 e5 6. e3 Be7 7. Nge2 0-0 8. 0-0 Re8 9. b3 Bf8 10. Ba3 Qa5 11. Qc1 Rb8 12. Rd1 a6 13. dxe5 dxe5 14. Bxf8 Nxf8 1/2-1/2

[Event "Omsk op"]
[Site "Omsk"]
[Date "2012.02.04"]
[Round "4"]
[White "Zhmakin, Ivan"]
[Black "Tregubov, Nikolai"]
[Result "0-1"]
[WhiteElo "1783"]
[BlackElo "2078"]
[PlyCount "38"]
[EventDate "2012.01.29"]
[EventType "swiss"]
[EventRounds "9"]
[EventCountry "RUS"]
[SourceTitle "EXT 2022"]
[Source "ChessBase"]
[SourceDate "2021.10.06"]
[SourceVersion "1"]
[SourceVersionDate "2021.10.06"]
[SourceQuality "1"]

1. e4 c5 2. Nf3 Nc6 3. d4 cxd4 4. Nxd4 e5 5. Nxc6 bxc6 6. g3 Nf6 7. Bg2 Ba6 8. Bg5 Bc5 9. Qf3 Rb8 10. b3 Qa5+ 11. c3 Rxb3 12. Bxf6 gxf6 13. Qxf6 Rxb1+ 14. Rxb1 Qxc3+ 15. Kd1 Qd3+ 16. Kc1 Ba3+ 17. Rb2 Qc3+ 18. Kd1 Qxb2 19. Qg5 Qe2# 0-1